[Event "CCCSA Spring GM Invitational 2019"]
[Site "Charlotte"]
[Date "2019.03.23"]
[Round "5"]
[White "Martin Del Campo C., Roberto"]
[Black "Jacobson, Aaron"]
[Result "1/2-1/2"]
[WhiteElo "2298"]
[BlackElo "2318"]
[Annotator "TA"]
[PlyCount "75"]
[EventDate "2019.03.20"]
[EventType "tourn"]
[EventCountry "USA"]
[SourceTitle "playchess.com"]
[Source "ChessBase"]
[SourceQuality "1"]

{[%evp 15,75,18,22,0,4,-5,18,14,16,0,16,8,33,19,22,6,14,33,35,16,49,31,41,32,35,29,34,35,39,38,50,43,50,50,52,50,42,45,47,53,45,40,53,44,56,60,92,72,83,87,84,75,118,104,152,0,0,0,0,0,0,0]} 1. e4 e6 2. d4 d5 3. Nd2 c5 4. exd5 Qxd5 5. Ngf3 cxd4 6. Bc4 Qd7 {C07: French Tarrasch: 3...c5, 4 Ngf3 and 4 exd5 Qxd5} 7. O-O (7. Nb3 Nc6 8. Nbxd4 Nxd4 9. Nxd4 a6 10. Bf4 Nf6 11. O-O b5 12. Bb3 Bb7 13. Re1 Be7 14. c3 {½-½ (85) Adams,M (2703)-McShane,L (2664) London 2018}) 7... Nc6 8. Nb3 a6 {LiveBook: 134 Games} 9. Re1 {[%cal Rb3d4]} Bb4 10. Re2 $146 {[%cal Rb3d4]} ({Predecessor:} 10. Bd2 Bxd2 11. Qxd2 Nf6 12. Qf4 b5 13. Bf1 O-O 14. Rad1 {1-0 (49) Gorbatov,A (2389)-Bluebaum,K (2253) Riga 2018}) 10... Nge7 11. Nbxd4 Nxd4 12. Qxd4 Qxd4 13. Nxd4 Bd7 14. Bf4 Rc8 15. Bb3 O-O 16. c3 Bc5 17. Rd1 Nc6 18. Nf5 {Hoping for Nxg7.} Rfd8 19. Nd6 Bxd6 $1 20. Rxd6 Be8 21. Rxd8 Rxd8 22. f3 Ne7 23. Kf2 Nd5 24. Rd2 {[#] Black must now prevent c4.} Rd7 25. Bg3 f6 26. c4 Ne7 27. Rxd7 Bxd7 $14 {[%mdl 4096] Endgame KBB-KBN} 28. Bc2 Be8 29. Bd6 Nc6 30. Ke3 g6 31. b4 {[%cal Bb2b4,Bb4b5][%mdl 32]} Kf7 32. a4 e5 33. Be4 Bd7 34. b5 Na5 35. Bd3 $2 {[#]} (35. Bd5+ $16 Be6 36. Kd3) 35... Be6 $11 {The position is equal.} 36. c5 axb5 37. axb5 Nc4+ 38. Bxc4 $1 {Precision: White = 73%, Black = 61%.} 1/2-1/2

[Event "CCCSA Spring GM Invitational 2019"]
[Site "Charlotte"]
[Date "2019.03.22"]
[Round "5"]
[White "Arjun, Vishnuvardhan"]
[Black "Yanayt, Eugene"]
[Result "0-1"]
[WhiteElo "2262"]
[BlackElo "2287"]
[Annotator "TA"]
[PlyCount "63"]
[EventDate "2019.03.20"]
[EventType "tourn"]
[EventCountry "USA"]
[SourceTitle "playchess.com"]
[Source "ChessBase"]
[SourceQuality "1"]

{[%evp 12,63,9,13,40,28,49,31,90,75,84,69,74,73,99,108,142,140,184,169,153,117,168,141,119,91,126,127,160,172,170,154,167,158,175,180,172,123,111,0,110,115,109,0,0,-936,-936,-936,-936,-867,-737,-1122,-1114,-1412]} 1. e4 c5 2. Nf3 d6 3. d4 cxd4 4. Nxd4 Nf6 5. f3 e5 6. Nb3 Be6 7. c4 Qc7 {B55: Sicilian: 2...d6 3 d4 cxd4 4 Nxd4 Nf6 5 f3} ({Much weaker is} 7... Nxe4 $6 8. fxe4 Qh4+ 9. Kd2 $16) (7... Nbd7 8. Be3 b5 9. Na3 a6 10. cxb5 d5 11. bxa6 dxe4 12. Bb5 Nd5 13. Bc5 Nf4 14. O-O Bxb3 15. Qxd7+ Qxd7 16. Bxf8 Rxf8 17. axb3 Rxa6 18. Bxd7+ Kxd7 {½-½ (27) Vitiugov,N (2721)-Duda,J (2710) Czech Republic 2018}) 8. Bg5 Nbd7 9. Nc3 Bxc4 $146 (9... Be7 $14) ({Predecessor:} 9... Be7 10. Rc1 Qb6 11. Qd2 Nc5 12. Nxc5 dxc5 13. Nd5 Qd8 14. Be3 b6 15. Be2 {1-0 (23) Somlai,L (2348)-Paszler,J (2218) Hungary 2011}) 10. Rc1 $16 Bxf1 11. Nd5 {[%mdl 64] Discovered Attack} Nxd5 12. Rxc7 Nxc7 13. Rxf1 h6 14. Be3 {[%mdl 1024] White has strong compensation.} Be7 {[#]} 15. Na5 $1 O-O 16. Rf2 Rab8 (16... Rfb8 $16 {is a better defense.} 17. Kf1 Nf6) 17. Rc2 Ne6 18. Qd5 Nf6 19. Qb3 Bd8 20. Nc4 d5 21. exd5 Nxd5 22. Bxa7 ({Don't take} 22. Nxe5 $6 Nxe3 23. Qxe3 Bb6 $14) 22... Nd4 23. Bxd4 $1 exd4 24. Ne5 Ne3 25. Rd2 ({White should play} 25. Re2 $16) 25... Rc8 (25... Ba5 $11 {remains equal.}) 26. Kf2 ({Reject} 26. Qxb7 $6 Bg5 $14) 26... Bg5 {[#]} 27. Rxd4 (27. Re2 $1 $16) 27... Rc2+ $11 28. Kg3 $2 {[%mdl 8192]} (28. Ke1 $11 Nxg2+ 29. Kf1 Ne3+ {[%mdl 64] Discovered Attack} 30. Kg1) 28... Nf5+ $19 {[%mdl 64] Double Attack. Black is clearly winning.} 29. Kh3 Nxd4 30. Qa4 Rd2 31. f4 Bxf4 32. Nc4 {Accuracy: White = 55%, Black = 40%.} 0-1

[Event "CCCSA Spring GM Invitational 2019"]
[Site "Charlotte"]
[Date "2019.03.22"]
[Round "5"]
[White "Adamson, Robby"]
[Black "Mishra, Abhimanyu"]
[Result "1/2-1/2"]
[WhiteElo "2216"]
[BlackElo "2232"]
[Annotator "TA"]
[PlyCount "58"]
[EventDate "2019.03.20"]
[EventType "tourn"]
[EventCountry "USA"]
[SourceTitle "playchess.com"]
[Source "ChessBase"]
[SourceQuality "1"]

{[%evp 26,58,25,10,14,10,28,8,15,30,53,64,66,0,0,0,0,0,35,43,47,54,60,7,28,18,24,7,41,0,0,-24,-27,-19,-4]} 1. e4 c5 2. Nf3 e6 3. d4 cxd4 4. Nxd4 Nc6 5. Nc3 Qc7 6. Be2 a6 7. O-O Nf6 8. Be3 Be7 9. f4 d6 10. Qe1 O-O 11. Qg3 Nxd4 12. Bxd4 b5 13. a3 Bb7 14. Rae1 Rad8 {B85: Sicilian Scheveningen: 6 Be2 a6, lines with early Be3} 15. Kh1 (15. Bd3 Bc6 16. Qh3 e5 17. Bf2 Qc8 18. f5 h6 19. Bh4 g5 20. fxg6 Qxh3 21. gxf7+ Rxf7 22. gxh3 Rdf8 23. Bxf6 Rxf6 24. Rxf6 Rxf6 {½-½ (45) Kamsky,G (2666)-Grachev,B (2626) St Petersburg 2018}) 15... Rd7 16. Bd3 Re8 17. Re3 Qd8 18. Qh3 g6 19. Rg3 ({Much worse is} 19. Qh6 Bf8 $15) (19. Ref3 $1 $14) 19... Bf8 $1 $11 20. f5 Bg7 $1 21. fxg6 hxg6 $146 ({Predecessor:} 21... fxg6 22. Be3 Nh5 {0-1 (55) Meribanov,V (2132)-Bukavshin,I (2365) Moscow 2009}) 22. Rgf3 {[%cal Rd4f6]} e5 23. Be3 {[#] Bg5 is the strong threat.} Nh5 24. Qg4 (24. a4 $14 d5 25. axb5 (25. exd5 b4 $14) (25. Nxd5 Rxd5 26. exd5 Bc8 $14)) 24... Nf4 25. Bxf4 exf4 26. Rxf4 Qc8 27. Nd1 Rde7 28. Qxc8 Rxc8 29. c3 Rce8 {Accuracy: White = 43%, Black = 67%.} 1/2-1/2

[Event "CCCSA Spring GM Invitational 2019"]
[Site "Charlotte"]
[Date "2018.02.24"]
[Round "6"]
[White "Ringoir, Tanguy"]
[Black "Berczes, David"]
[Result "1/2-1/2"]
[WhiteElo "2510"]
[BlackElo "2461"]
[Annotator "TA"]
[PlyCount "47"]
[EventDate "2019.03.20"]
[EventType "tourn"]
[EventCountry "USA"]
[SourceTitle "playchess.com"]
[Source "ChessBase"]
[SourceQuality "1"]

{[%evp 27,47,18,13,18,25,2,12,9,10,0,0,0,15,17,8,0,0,0,0,0,0,0]} 1. e4 e5 2. Nf3 Nc6 3. Bb5 a6 4. Ba4 Nf6 5. O-O Be7 6. Re1 b5 7. Bb3 d6 8. c3 O-O 9. h3 Na5 10. Bc2 c5 11. d4 Nd7 12. Nbd2 exd4 13. cxd4 Nc6 14. d5 Nce5 15. a4 {C96: Closed Ruy Lopez: Chigorin Defence: 11 d4, replies other than 11...Qc7} Rb8 (15... Bb7 16. Nxe5 Nxe5 17. f4 Ng6 18. Nf3 Re8 19. axb5 axb5 20. Rxa8 Qxa8 21. b3 Bd8 22. f5 Nf8 {1-0 (54) Shirov,A (2630)-Howell,D (2701) Douglas 2017}) 16. axb5 axb5 {The position is equal.} 17. Nxe5 Nxe5 18. f4 Ng6 19. Nf3 Bh4 20. Nxh4 Qxh4 21. Rf1 Bxh3 $1 22. gxh3 Qg3+ 23. Kh1 $146 {[#] Ra3 is the strong threat.} Qxh3+ 24. Kg1 1/2-1/2

[Event "CCCSA Spring GM Invitational 2019"]
[Site "Charlotte"]
[Date "2018.02.24"]
[Round "6"]
[White "Stremavicius, Titas"]
[Black "Yanayt, Eugene"]
[Result "1-0"]
[WhiteElo "2472"]
[BlackElo "2287"]
[Annotator "TA"]
[PlyCount "59"]
[EventDate "2019.03.20"]
[EventType "tourn"]
[EventCountry "USA"]
[SourceTitle "playchess.com"]
[Source "ChessBase"]
[SourceQuality "1"]

{[%evp 14,59,39,8,43,-1,38,8,8,4,12,0,34,31,57,23,95,66,97,72,105,102,110,116,135,135,129,132,189,182,176,149,206,194,226,225,232,226,327,354,333,312,712,714,740,387,695,657]} 1. d4 Nf6 2. c4 g6 3. Nf3 Bg7 4. e3 O-O 5. Be2 d6 6. O-O Nc6 7. Nc3 e5 8. a3 {LiveBook: 8 Games. A25: English Opening vs King's Indian with ...Nc6 but without early d3} (8. d5 Ne7 9. b4 a5 10. bxa5 Rxa5 11. Nd2 Nd7 12. Nb3 Ra8 13. a4 f5 14. Ba3 e4 15. Qc2 b6 {1-0 (23) Kuzubov,Y (2638)-Onischuk,V (2614) Lvov 2016}) 8... Nd7 9. b4 f5 10. dxe5 $146 {White is slightly better.} ({Predecessor:} 10. b5 Ne7 11. Qb3 Kh8 12. Ng5 Nf6 13. dxe5 dxe5 14. c5 Qe8 15. Bc4 h6 {1-0 (30) Nader,M (2061)-Ashraf,S (1885) Cairo 2013}) 10... Ncxe5 11. Nd4 {And now Ne6 would win.} Nf6 12. Bb2 Kh8 13. Qc2 Qe7 14. Rad1 a6 (14... c6 $11) 15. Nd5 $36 {[%mdl 2048] White has good play.} Qf7 16. Nf3 Ne4 17. Nxe5 dxe5 18. f3 Nd6 19. c5 Ne8 20. e4 f4 (20... Be6 $16 21. Bc4 Rd8) 21. Bc3 $18 Bd7 22. a4 Rb8 (22... Rd8 $16 {was worth a try.} 23. Bc4 Be6) 23. Rd2 c6 24. Nb6 Be6 25. Qb2 Qc7 (25... Nc7 $142 26. Rfd1 Rbe8 27. Bxe5 Bxe5 28. Qxe5+ Qg7) 26. Rfd1 {[#] Rd7! is the strong threat.} Rf7 27. h3 Bf6 $2 (27... Qe7 28. Nc4 Kg8 29. Nxe5 Bxe5) 28. Bc4 Bxc4 29. Rd7 Be6 $2 {[#]} ({But not} 29... Rxd7 $2 30. Rxd7 Qxb6 31. cxb6 $18) (29... Rd8) 30. Rxc7 {Precision: White = 58%, Black = 15%.} 1-0

[Event "CCCSA Spring GM Invitational 2019"]
[Site "Charlotte"]
[Date "2019.03.24"]
[Round "6"]
[White "Patel, Advait"]
[Black "Gauri, Shankar"]
[Result "0-1"]
[WhiteElo "2470"]
[BlackElo "2378"]
[Annotator "TA"]
[PlyCount "180"]
[EventDate "2019.03.20"]
[EventType "tourn"]
[EventCountry "USA"]
[SourceTitle "playchess.com"]
[Source "ChessBase"]
[SourceQuality "1"]

{[%evp 9,180,22,21,14,17,22,19,0,5,0,0,0,-6,-9,-14,-17,-13,-47,-46,-47,-43,-36,-42,-103,-96,-142,0,0,0,0,33,30,64,37,90,-405,-427,-545,-541,-525,-543,-552,-532,-537,-525,-849,-801,-850,-582,-548,-316,-364,-310,-337,-343,-345,-335,-423,-423,-421,-417,-562,-547,-526,-495,-484,-408,-467,-452,-436,-427,-430,-427,-560,-231,-231,-222,-791,-778,-704,-672,-783,-789,-750,-518,-466,-361,-635,-413,-635,-567,-482,-445,-679,-679,-685,-685,-833,-944,-1307,-816,-2163,-2100,-1774,-1512,-4794,-3522,-1463,0,-949,0,-965,-865,-804,-774,-1223,-857,-918,-872,-1153,-772,-775,-696,-806,-769,-2310,-2254,-2087,-1861,-1741,-1858,-1670,-1591,-1930,-1802,-5903,-5523,-7756,-6713,-6613,-6597,-5717,-4674,-29975,-29976,-29978,-29979,-29979,-29975,-29976,-29977,-29977,-29978,-29978,-29979,-29980,-29979,-29979,-29980,-29980,-29981,-29981,-29982,-29982,-29982,-29986,-29985,-29984,-29984,-29984,-29985,-29986,-29983]} 1. e4 e5 2. Nf3 Nc6 3. Bb5 Nf6 4. d3 Bc5 5. Bxc6 dxc6 6. Nbd2 {C65: Ruy Lopez: Berlin Defence (3...Nf6), unusual lines and 4 0-0 Bc5} O-O (6... Be6 7. O-O Bd6 8. b3 O-O 9. Nc4 Nd7 10. a4 Bxc4 11. bxc4 a5 12. Bg5 Be7 13. Be3 b6 {½-½ (52) Caruana,F (2828)-Nakamura,H (2749) chess.com INT 2019}) 7. Nc4 Nd7 8. Qe2 {The position is equal.} Re8 9. Bd2 b5 10. Na5 Qf6 11. a4 Bb6 12. Nb3 a5 $146 {[%cal Ba7a5,Ba5a4][%mdl 32]} ({Predecessor:} 12... a6 13. Be3 Rb8 {½-½ (23) Areshchenko,A (2661)-Balogh,C (2659) Germany 2016}) 13. axb5 {[%cal Rd2a5]} a4 $1 14. Bg5 Qd6 15. bxc6 Qxc6 16. Nc1 (16. Nbd2 $15) 16... f5 $1 $17 17. Be3 ({Of course not} 17. exf5 Bb7 $11) 17... Nc5 ({Black should try} 17... fxe4 $17 18. dxe4 Ba6) 18. Bxc5 Bxc5 19. O-O f4 20. h3 Ra6 21. c3 Qh6 (21... Bf8 $14) 22. Kh1 $2 {[%mdl 8192]} (22. Kh2 $1 $16 {is forced if you want to stay better.}) 22... Rg6 $1 $19 {( -> ...Bxh3!)} 23. Ng1 {[#]} Rf8 $1 ({Not} 23... Qg5 24. Qf3 $15) 24. f3 {[#]} Bxg1 $1 25. Kxg1 Bxh3 26. Rf2 Rff6 27. Kf1 {[#]} Rxg2 $1 {[%mdl 512]} 28. Ke1 (28. Rxg2 Rg6) 28... Rg1+ 29. Kd2 Bd7 30. Nb3 Rxa1 31. Nxa1 Rb6 32. Kc1 Qe6 {Strongly threatening ...Qa2.} 33. c4 Qd6 34. Nc2 Rb3 35. d4 exd4 36. e5 Qb6 {And now ...d3 would win.} 37. e6 Qxe6 38. Nxd4 Qxe2 39. Rxe2 {[%mdl 4096] Endgame KRB-KRN} Rd3 40. Re4 c5 41. Nb5 Bxb5 (41... Rxf3 $142 42. Nc7 Rf2) 42. cxb5 Rxf3 {KR-KR} 43. b6 $2 (43. b4 cxb4 44. b6 Rc3+ 45. Kb2) 43... Rb3 44. Rxf4 Rxb6 45. Rxa4 h5 46. Ra5 Rc6 47. Kd2 Kf7 48. Ke3 $2 (48. b4 g5 49. b5) 48... Ke6 49. Ke4 (49. b4 $142 cxb4 50. Rxh5) 49... g6 50. Rb5 Kd6 51. Kf4 (51. b3 $142 Ke6 52. Kf4) 51... Kd5 52. Kg5 Kd4 53. Rb8 c4 54. Rb7 Kc5 55. Rf7 Rb6 56. Rf2 Kb4 57. Rf3 Rd6 58. Rf8 Rb6 59. Rf3 $1 Kc5 60. Rf2 Kd4 61. Rc2 Re6 62. Rd2+ Ke3 63. Rc2 Rc6 64. Rh2 Ra6 65. Rc2 Kd4 66. Rd2+ Kc5 67. Rd8 Rb6 68. Rd2 Kb4 69. Rc2 Re6 70. Kf4 Rf6+ 71. Kg5 Rd6 72. Kh6 h4 73. Kg5 h3 74. Rh2 Kb3 75. Kg4 Rd1 76. Kxh3 Rb1 {Black mates.} 77. Rg2 Rxb2 78. Rxg6 Rf2 79. Kg3 Rf8 80. Rb6+ Kc2 81. Rc6 c3 82. Rc7 Kd2 83. Rd7+ Kc1 84. Rc7 c2 85. Rc6 Rf5 86. Kg4 Rf1 87. Kg3 Kb2 88. Rb6+ Ka3 89. Ra6+ Kb4 90. Rb6+ Ka5 {Accuracy: White = 31%, Black = 69%.} 0-1

[Event "CCCSA Spring GM Invitational 2019"]
[Site "Charlotte"]
[Date "2018.02.24"]
[Round "6"]
[White "Arribas Lopez, Angel"]
[Black "Ostrovskiy, Aleksandr"]
[Result "1-0"]
[WhiteElo "2443"]
[BlackElo "2453"]
[Annotator "TA"]
[PlyCount "97"]
[EventDate "2019.03.20"]
[EventType "tourn"]
[EventCountry "USA"]
[SourceTitle "playchess.com"]
[Source "ChessBase"]
[SourceQuality "1"]

{[%evp 9,97,11,21,18,15,0,8,0,0,0,0,12,22,20,45,4,10,16,35,17,41,20,32,0,0,0,5,-19,25,15,37,0,0,-16,-16,-65,16,-33,0,0,0,0,72,61,77,84,117,106,117,96,126,47,56,62,110,121,121,120,310,316,305,323,297,307,295,295,300,1,293,282,648,527,541,535,526,520,491,493,540,527,697,654,745,723,792,793,29986,29987,29997,29998]} 1. e4 c6 2. Nc3 d5 3. Nf3 Nf6 (3... dxe4 4. Nxe4 Nf6 5. Qe2 Nxe4 6. Qxe4 Qd5 7. Qf4 Qf5 8. Qe3 Qxc2 9. Bd3 Qa4 10. O-O Nd7 11. b3 Qb4 12. Bb2 Nf6 13. Bc4 Nd5 14. Qe4 {1-0 (28) Harikrishna,P (2744)-Howell,D (2676) Riadh 2017}) 4. d3 dxe4 5. Nxe4 Bg4 6. Nxf6+ {B11: Caro-Kann: Two Knights Variation} exf6 7. Be3 $146 ({Predecessor:} 7. Be2 Bd6 8. O-O O-O 9. h3 Bxf3 10. Bxf3 Nd7 11. Be3 Qc7 12. Qd2 {0-1 (75) Goye Redondo,M-Martin,J Almendralejo 2003}) 7... Bd6 8. Be2 {The position is equal.} O-O 9. h3 Be6 10. O-O f5 11. c4 Re8 12. Bd4 Nd7 13. Bc3 Nf8 14. Re1 Ng6 15. Bf1 Bc7 16. Qd2 Qd6 17. g3 f6 18. d4 Bf7 19. Qc2 Ne7 20. Bd2 Qd7 21. Bg2 h5 22. Rad1 Rad8 (22... Ng6 $1 $15) 23. b3 f4 24. Bxf4 Bxf4 25. gxf4 Bg6 (25... Be6 $11) 26. Qc3 $16 Qd6 27. Nh4 {Threatens to win with Rxe7!} Bh7 28. Qa5 Bc2 29. Rc1 Ng6 30. Qxh5 (30. Nxg6 $16 Bxg6 31. f5 (31. Qxa7 Qxf4 32. Qb6 Kh7 $11)) 30... Rxe1+ $14 31. Rxe1 Nxh4 32. Qxh4 Qxd4 33. Re7 Rd7 $2 {[#]} (33... Qd1+ $16 34. Kh2 Qd6 35. Rxb7 Rd7) 34. Re8+ $1 $18 Kf7 35. Qh5+ Bg6 36. Qh8 {[%csl Ge8][%cal Rh8g8]} Qd1+ 37. Kh2 {[%csl Ge8][%cal Rh8g8]} Bf5 {and the idea ...Qd2 leaves Black hopeful.} 38. Qg8+ $40 {[%mdl 128] White has some attack.} Kg6 39. Re3 {And now Rg3+ would win.} Qd4 $2 (39... Qc2 40. Qe8+ Kh6) 40. Qh8 Qxf4+ 41. Rg3+ Kf7 42. Qxg7+ Ke6 43. Qg8+ Ke7 44. Kg1 {aiming for Rg7+.} Qc1+ 45. Bf1 Rd1 46. Re3+ Kd6 47. Qb8+ {[%mdl 64] Double Attack} Kc5 {[#]} 48. b4+ $1 {[%mdl 576] Decoy} Kxb4 49. Qxb7+ {[%mdl 64] Double Attack. Accuracy: White = 60%, Black = 41%.} 1-0

[Event "CCCSA Spring GM Invitational 2019"]
[Site "Charlotte"]
[Date "2019.03.24"]
[Round "6"]
[White "Yoo, Christopher Woojin"]
[Black "Korley, Kassa"]
[Result "0-1"]
[WhiteElo "2426"]
[BlackElo "2437"]
[Annotator "TA"]
[PlyCount "124"]
[EventDate "2019.03.20"]
[EventType "tourn"]
[EventCountry "USA"]
[SourceTitle "playchess.com"]
[Source "ChessBase"]
[SourceQuality "1"]

{[%evp 16,124,-71,-92,-86,-120,12,2,31,14,24,18,45,35,30,0,0,-27,-21,-10,0,0,0,0,0,7,0,0,16,0,0,-81,-77,-65,-67,-94,-96,-107,-85,-97,-90,-134,-13,-201,-182,-218,-213,-217,-229,-237,-215,-220,-220,-251,-213,-193,-220,-205,-213,-225,-216,-220,-204,-227,-221,-214,-191,-217,-232,-387,-362,-363,-248,-253,-262,-256,-229,-297,-279,-460,-450,-483,-491,-587,-578,-777,-624,-704,-685,-759,-735,-662,-592,-29968,-29972,-29980,-29981,-29989,-29985,-29985,-29986,-29988,-29989,-29988,-29989,-29989,-29990,-29991,-29979,-29996,-29991]} 1. e4 c6 2. d4 d5 3. e5 Bf5 4. h4 h5 5. Ne2 e6 6. Ng3 Bg6 7. Be2 c5 8. c3 Nc6 9. Be3 cxd4 {B12: Caro-Kann: Advance Variation} (9... Qb6 10. Qd2 cxd4 11. cxd4 Bxb1 {0-1 (11) Stojanovic,M (2278)-Pikula,D (2469) Banja Dvorovi 2017}) 10. cxd4 Bxb1 (10... Qb6 $17 11. Qb3 Bb4+ 12. Kf1 Nxd4 13. Qa4+ Kd8) 11. Rxb1 $11 Bb4+ $146 {The position is equal.} ({Predecessor:} 11... g6 12. Qb3 Qa5+ 13. Kf1 Qb6 14. Bb5 Rc8 15. Rc1 Qa5 16. a3 Be7 17. Ne2 {½-½ (47) Ellenberg,E-Bachmann,A (2300) Germany 1992}) 12. Kf1 g6 $1 13. Rc1 Qb6 14. a3 Bf8 15. b4 Bh6 16. Rc3 Bxe3 17. fxe3 Nce7 18. Kf2 Nh6 19. Qa4+ Nc6 $1 20. b5 Ne7 {[%cal Bc6e7,Be7c8,Bc8b6,Bb6c4][%mdl 32]} 21. Qb4 Qd8 22. Rhc1 {[#] Hoping for Rc7.} O-O $1 23. Bd3 (23. Rc7 $11 {remains equal.} Nef5 24. Nxf5 Nxf5 25. g3) 23... Ng4+ $17 24. Kg1 Nc8 25. Be2 Qxh4 26. Bxg4 Qxg4 27. Nf1 Nb6 28. Nh2 {[#]} Qe2 (28... Qe4 $1 $17 {aiming for ...Rac8.} 29. Nf3 Nc4) 29. Qb3 $2 (29. Nf3 $11 {and White is okay.}) 29... Rac8 $19 30. Nf1 Rxc3 31. Rxc3 Nc4 32. Qb1 Kg7 33. Ng3 Qg4 34. Nh1 f6 35. exf6+ Rxf6 {Threatens to win with ...Nd2.} 36. Qe1 Rf7 37. e4 Qf4 38. Nf2 Qf6 39. e5 Qf4 40. Rd3 Qh4 41. g3 Qg5 42. Nh3 $2 (42. Kg2) 42... Qf5 43. Nf2 Kf8 44. Qb4+ Ke8 45. Qe1 g5 46. g4 hxg4 47. Rg3 $2 (47. Qe2) 47... Kd8 48. Rxg4 Nxa3 49. Rg3 Nxb5 50. Rh3 Rf8 51. Rd3 a6 52. Qd2 Kc8 53. Rg3 Qf4 54. Qc2+ Kb8 {Black mates.} 55. Rg4 Qe3 56. Qb2 Ka8 57. Kg2 Qf3+ 58. Kg1 Nc3 59. Rg2 Ne2+ 60. Kf1 Nf4 61. Rxg5 Nd3 62. Rg8 Nxb2 {Accuracy: White = 44%, Black = 73%.} 0-1

[Event "CCCSA Spring GM Invitational 2019"]
[Site "Charlotte"]
[Date "2019.03.24"]
[Round "6"]
[White "Rohan, Ahuja"]
[Black "Jacobson, Brandon"]
[Result "0-1"]
[WhiteElo "2380"]
[BlackElo "2455"]
[Annotator "TA"]
[PlyCount "116"]
[EventDate "2019.03.20"]
[EventType "tourn"]
[EventCountry "USA"]
[SourceTitle "playchess.com"]
[Source "ChessBase"]
[SourceQuality "1"]

{[%evp 11,116,4,12,6,12,-15,-16,-28,12,-27,5,-31,31,-11,-5,-25,0,0,0,-1,0,-25,0,22,18,21,27,30,16,-18,-25,-28,-8,-39,-32,-56,-48,-58,-32,-66,-33,-30,0,-37,0,0,0,0,0,-220,-228,-217,-218,-223,-190,-272,-272,-278,-264,-226,-165,-134,-197,-197,-168,-178,-170,-183,-184,-264,-264,-264,-264,-264,-264,-539,-520,-29975,-1331,-826,-45,-44,-13,-57,-50,-170,-97,-56,0,-102,-112,-269,-269,-1966,-2036,-1833,0,0,0,-1982,-1981,-1842,-1914,-2045,-1835,-1597,-1373]} 1. Nf3 g6 2. g3 Bg7 3. d4 c5 4. c3 b6 5. Bg2 Bb7 6. O-O Nf6 7. Bg5 {A49: 1 d4 Nf6 2 Nf3 g6 3 g3: Anti-King's Indian systems} O-O 8. Re1 (8. d5 $5) 8... d5 9. Ne5 $146 {The position is equal.} ({Predecessor:} 9. Nbd2 Nbd7 10. Rc1 h6 11. Bxf6 Nxf6 12. Ne5 Qc7 13. e3 Rad8 14. f4 h5 15. h3 {0-1 (30) Weber,U (2399)-Epishin,V (2563) Hofheim 2015}) 9... Re8 10. Nd2 {[%cal Bb1d2,Bd2f3,Bf3d4,Bd4c2,Bc2e3][%mdl 32]} Nfd7 11. Nxd7 Qxd7 (11... Nxd7 $15 12. Nb3 cxd4 13. cxd4 Nf6) 12. Nf3 f6 13. Be3 cxd4 14. Nxd4 e5 15. Nc2 Na6 16. Qd2 g5 17. a4 {[%cal Ba2a4,Ba4a5][%mdl 32]} Rad8 18. a5 Nc5 19. Bxc5 bxc5 20. Ne3 e4 $36 {[%mdl 2048] Black is more active.} 21. a6 Ba8 22. g4 {[#]} h5 $1 {[%mdl 512]} 23. f3 (23. gxh5 d4) 23... hxg4 24. fxg4 Re5 (24... Bc6 {with more complications.} 25. Nf5 Bf8 26. e3 Qf7 27. Red1 Re5) 25. Nf5 Rxf5 26. gxf5 Qxf5 27. e3 Qe5 {[%mdl 1024] Black has compensation.} 28. Qe2 f5 29. Qh5 f4 30. h4 $2 (30. Ra5 $11 {and White is okay.}) 30... f3 $19 {Hoping for ...Qg3.} 31. Qxg5 Qxg5 32. hxg5 Rf8 33. Rf1 (33. Red1 $142 fxg2 34. Ra5) 33... d4 34. Kf2 fxg2+ (34... dxc3 35. Bh3 $11) 35. Kxg2 Rxf1 ({Much less strong is} 35... dxc3 36. bxc3 Bxc3 37. Rxf8+ Kxf8 38. Rc1 $17) 36. Kxf1 d3 (36... dxc3 $17 37. bxc3 Bxc3) 37. Ke1 Kf7 38. Kd2 {[#]} Kg6 $1 39. Ra5 Bf8 ({Not} 39... Kxg5 $2 40. Rxc5+ Kf6 41. Rc7 $18) 40. Rb5 (40. Ra1 {was necessary.}) 40... Bd6 41. Ra5 Bc6 ({Don't take} 41... Kxg5 42. b4 $17) 42. Kd1 Kxg5 43. b4 $2 (43. Kd2) 43... Kg4 44. bxc5 (44. b5 $19 Bc7 45. Ra4 Bxb5 46. Rxe4+ Kf5 47. Re7) 44... Bc7 (44... Bg3 $142 45. Kd2 Kf3 46. Ra1 Bf2 47. c4 Bxe3+ {[%mdl 64] Double Attack} 48. Kc3 Bxc5 49. Rc1 Ke2 50. Rb1 e3 51. Ra1 d2 52. Ra2 Ke1 53. Ra5 Bb6 54. Rg5 e2 55. c5 Ba5+ 56. Kb2 d1=Q 57. Re5 Kd2 58. Rxe2+ Qxe2 59. Ka3 Bc3 60. Kb3 Bd5+ 61. Ka4 Qxa6#) 45. Ra1 Bb5 $2 (45... Kf5 $19 {Strongly threatening ...Ke5.} 46. Kd2 Ke6) 46. Kd2 $15 Kf5 {And now ...Ke6 would win.} 47. Rb1 Bc6 {aiming for ...Ke5.} 48. Rh1 $1 Ke6 49. Rh7 Bb8 ({Better is} 49... Ba5 $1 $15 50. Rh5 Be8) 50. Rh8 (50. c4 $11) 50... Be5 51. Rh7 $2 (51. Rh5 $17 {was forced.}) 51... Kd5 $19 {...Kc4 is the strong threat.} 52. Re7 $2 (52. Rh5) 52... Bf6 53. Rf7 {[#]} Bh8 $2 ({Black should play} 53... Bd8 $1 $19 {Threatens to win with ...Kc4.} 54. Rh7 Ba5) 54. Rh7 $1 $11 {[%cal Rh7h8]} Be5 $2 {[%mdl 8192]} (54... Bf6 $11 55. Rh6 Be7 56. Rh5+ Kc4) 55. Re7 $19 {White wants to play c4+!} Bb8 {Black is clearly winning.} 56. Rh7 Kxc5 57. Rh8 Bc7 58. Rh7 Bb6 {Accuracy: White = 31%, Black = 40%.} 0-1